| 000 | 00493nam a2200181Ia 4500 | ||
|---|---|---|---|
| 003 | GCL | ||
| 008 | 140319s9999 xx 000 0 eng d | ||
| 040 |
_aGCL / _cGCL |
||
| 082 | 0 | 4 |
_a070.433 _bT W |
| 100 | 1 | _aTALYOR, JOHN | |
| 245 | 1 | 0 |
_aWAR PHOTOGRAPHY: REALISM IN THE BRITISH PRESS / _cTALYOR, JOHN |
| 260 |
_a[S.N] : _bPOUTLEDGE ، _c1991 |
||
| 300 | _a199 P | ||
| 650 | 0 | 4 | _aWAR IN THE BRITISH PREES |
| 650 | 0 | 4 | _aJOURNALISM - PICTORIAL |
| 650 | 0 | 4 | _aWAR PHOTOGRAPHY |
| 942 |
_2ddc _cBK |
||
| 999 |
_c17502 _d17502 |
||